Statistics for Capitals Of Oceania - One Minute Sprint

Click here to take the quiz!

General Stats

  • This quiz has been taken 26 times
  • The average score is 12 of 14

Answers on the Map

Answers color-coded by a green-red scale on the quiz's map according to % correct below.
 

Answer Stats

Capital% Correct
Canberra
100%
Wellington
100%
Apia
91%
Honiara
91%
Port Moresby
91%
Suva
91%
Port Vila
87%
Yaren
87%
Nuku'alofa
83%
Tarawa
83%
Majuro
78%
Ngerulmud
78%
Funafuti
74%
Palikir
74%

Score Distribution

Percentile by Number Answered

Percent of People with Each Score

Your Score History

You have not taken this quiz